000
00190 a2200097 4500
020
_a
9780525707233
041
_a
spa
100
_a
Seuss, Dr
245
_a
Huevos Verdes con Jamon
942
_c
BK
999
_c
30434
_d
30432